000
00287nam a22001337a 4500
008
181029b xxu||||| |||| 00| 0 eng d
020
_a
9780201350883
041
_a
eng
080
_2
3rd
_a
004
100
_a
28
101
_a
SHK
245
_a
Algorithms
_c
Sedgewick,R
942
_2
udc
_c
BK
999
_c
51039
_d
51039